00300 a2200121 4500003000500000005001700005040000900022245008200031250001100113260003400124300000900158500001100167Nust20170207164425.0 cNust aSolution Manuals Of ADVANCED ENGINEERING MATHEMATICS(E Book )cERWIN KREYSZIG a9th ed aN YbJohn Wiley & Sonsc2006. a417p aE Book